| 000 | 00664cab a2200193 4500 | ||
|---|---|---|---|
| 001 | WB2529-25 | ||
| 008 | 090401t1989 xxu||||| |||| 00| 0 eng d | ||
| 035 | _a(Sirsi) u81021 | ||
| 041 | _aeng | ||
| 245 | _aCommercial property in Aberdeen | ||
| 260 | _c1989 | ||
| 350 | _a0 | ||
| 490 |
_aFinancial Times _v21/7/89 p17 (2) |
||
| 520 | _aReports on Aberdeen `s relatively quiet office market over recent years in spite of the fluctuating fortunes in the oil industry. Investment has been greater in the retail sector and the Bon Accord centre is discussed. | ||
| 650 | _aSCOTLAND | ||
| 690 | _aPROPERTY LAW AND PRACTICE | ||
| 942 | _n0 | ||
| 948 | _c04/03/1997 | ||
| 999 |
_c51042 _d51042 |
||